System Identification (Record no. 274057)

000 -LEADER
fixed length control field 00284 a2200121 4500
001 - CONTROL NUMBER
control field 38984
082 ## - DEWEY DECIMAL CLASSIFICATION NUMBER
Classification number 003 SOD
090 ## - LOCALLY ASSIGNED LC-TYPE CALL NUMBER (OCLC); LOCAL CALL NUMBER (RLIN)
-- 24606
-- 24606
100 ## - MAIN ENTRY--PERSONAL NAME
Personal name Soderstrom T. S. :Petre G. Stoica
245 ## - TITLE STATEMENT
Title System Identification
260 ## - PUBLICATION, DISTRIBUTION, ETC.
Place of publication, distribution, etc. U K
Name of publisher, distributor, etc. Prentice hall
Date of publication, distribution, etc. 1989
300 ## - PHYSICAL DESCRIPTION
Extent 612 p.
942 ## - ADDED ENTRY ELEMENTS (KOHA)
Institution code [OBSOLETE] NUST-CAE
Call number prefix 003 SOD
Holdings
Withdrawn status Lost status Damaged status Not for loan Collection code Permanent Location Current Location Date acquired Total Checkouts Full call number Barcode Date last seen Price effective from Koha item type
          College of Aeronautical Engineering (CAE) College of Aeronautical Engineering (CAE) 04/03/2017   003 SOD CAE68470 04/05/2017 04/05/2017 Book
© 2023 Central Library, National University of Sciences and Technology. All Rights Reserved.